000 00959pam a2200265 a 4500
005 20260322212034.0
008 data
010 _a 89037834
020 _a1560549432
_c{dollar}21.95 ({dollar}26.95 Can.)
020 _a9781560549437
_c{dollar}21.95 ({dollar}26.95 Can.)
040 _aDLC
_cDLC
_dDLC
050 0 0 _aRA776.95
_b.P69 1990
082 0 0 _a613
_220
092 _a613.20 P69 1992
100 1 _aPowell, Don R.
245 1 2 _aA year of health hints :
_b365 practical ways to feel better and live longer /
_cDon R. Powell & American Institute for Preventive Medicine.
250 _aLarge print edition.
260 _a[New York] :
_bDistributed by St. Martin's Press,
_a[New York] :
_bDistributed by St. Martin's Press,
_cc1992.
300 _a749 p. ;
_c24 cm.
504 _aIncludes bibliographical references.
650 0 _aSelf-care, Health.
650 0 _aMedicine, Preventive.
710 2 _aAmerican Institute for Preventive Medicine.
001 data
999 _c785
_d785